effect of urea fertilizer rates on growth and yield of lettuce (lactuca sativa) ឥទ្ធិពលកម្រិតជី អ៊ុយរ៊េទៅលើការលូតលាស់និងទិន្នផលដំណាំសាលាដ (Record no. 14729)

000 -LEADER
fixed length control field 00647nam a22001577a 4500
003 - CONTROL NUMBER IDENTIFIER
control field OSt
005 - DATE AND TIME OF LATEST TRANSACTION
control field 20171025140642.0
008 - FIXED-LENGTH DATA ELEMENTS--GENERAL INFORMATION
fixed length control field 171025b xxu||||| |||| 00| 0 eng d
040 ## - CATALOGING SOURCE
Transcribing agency RUA
082 ## - DEWEY DECIMAL CLASSIFICATION NUMBER
Classification number AGR KHL 2016 B579 Or.1
100 ## - MAIN ENTRY--PERSONAL NAME
9 (RLIN) 12369
Personal name KHLOENG DAPHAL ខ្លឹង ដាផល
245 ## - TITLE STATEMENT
Title effect of urea fertilizer rates on growth and yield of lettuce (lactuca sativa) ឥទ្ធិពលកម្រិតជី អ៊ុយរ៊េទៅលើការលូតលាស់និងទិន្នផលដំណាំសាលាដ
260 ## - PUBLICATION, DISTRIBUTION, ETC. (IMPRINT)
Place of publication, distribution, etc. phnom penh
Name of publisher, distributor, etc. RUA
Date of publication, distribution, etc. 2016
300 ## - PHYSICAL DESCRIPTION
Extent x;40;
Other physical details illl;
Dimensions 29cm;
942 ## - ADDED ENTRY ELEMENTS (KOHA)
Source of classification or shelving scheme
Koha item type AGR

No items available.

មជ្ឈមណ្ឌលឯការនៃសាកលវិទ្យាល័យភូមិន្ទកសិកម្មចំការដូង

Powered by Koha